| 000 | 00661nam a22001817a 4500 | ||
|---|---|---|---|
| 005 | 20251108173023.0 | ||
| 008 | 250721s2002 xx 000 0 ara d | ||
| 082 | 1 | 4 | _a323.4/حشم |
| 100 | 1 |
_aحشمة، محمود أمين _eمؤلف |
|
| 245 | 1 | 0 | _aالصحة الإنجابية للمرأة في المواثيق الدولية لحقوق الإنسان / |
| 264 | 1 |
_aعمان : _bمركز عمان لدراسات حقوق الإنسان، _c2002. |
|
| 300 | _a108ص. | ||
| 650 | 1 | 7 | _aالقانون المدني |
| 650 | 1 | 7 | _aالحقوق المدنية والسياسية |
| 650 | 1 | 7 | _aالمرأة الحامل |
| 942 |
_2ddc _cBK |
||
| 999 |
_c94198 _d94198 |
||